Get the Picture: Shaq or Kobe? Quiz Stats

 Plays Quiz Updated Apr 3, 2019

Score 0/14 Timer 02:30
0 Plays Today
Question Answer Wrong Answers
Scored a career-high of 81 points Kobe Bryant
90.6%
Shaquille O'Neal
5.6%
1st overall pick in the NBA draft Shaquille O'Neal
84.6%
Kobe Bryant
12%
Did not attend college Kobe Bryant
84.5%
Shaquille O'Neal
11.9%
13th overall pick in the NBA draft Kobe Bryant
83.3%
Shaquille O'Neal
13.1%
Won exactly 5 NBA championships Kobe Bryant
81.8%
Shaquille O'Neal
14.7%
Won exactly 4 NBA championships Shaquille O'Neal
81.6%
Kobe Bryant
15%
Scored a career-high of 61 points Shaquille O'Neal
80.3%
Kobe Bryant
16.4%
Won exactly 3 NBA Finals MVP awards Shaquille O'Neal
72.8%
Kobe Bryant
24%
Won NBA Slam Dunk Contest Kobe Bryant
72.8%
Shaquille O'Neal
23.9%
Received an Ed.D. degree Shaquille O'Neal
71.6%
Kobe Bryant
24.8%
Won Rookie of the Year award Shaquille O'Neal
71.6%
Kobe Bryant
25.1%
Won exactly 2 NBA Finals MVP awards Kobe Bryant
70.5%
Shaquille O'Neal
26%
Won an Academy Award Kobe Bryant
65.2%
Shaquille O'Neal
31.5%
Nominated for Golden Raspberry Award Shaquille O'Neal
64.6%
Kobe Bryant
31.9%

Today's Daily Dose

Missing Word
Banned Books (A-Z)

Word Ladder
Janis Joplin

Get the Picture
Occupations

You're not logged in!

Compare scores with friends on all Sporcle quizzes.
OR
Log In

Sporcle TV

Today on Sporcle TV


Watch our educational content, quiz creation guides, and fun videos on Sporcle TV.

Show Comments

Extras

Top Quizzes Today


Score Distribution

Your Account Isn't Verified!

In order to create a playlist on Sporcle, you need to verify the email address you used during registration. Go to your Sporcle Settings to finish the process.

Report this User

Report this user for behavior that violates our Community Guidelines.

Details: